LEADER 01675nam0 22003131i 450 001 UON00227354 005 20231205103443.179 100 $a20030730d1990 |0itac50 ba 101 $aita 102 $aIT 105 $a|||| ||||| 200 1 $aAngelo e Francesco Solimena$edue culture a confronto$fSoprintendenza per i Beni ambientali, architettonici, artistici e storici di Salerno e Avellino$gProvincia di Salerno, Assessorato ai Beni culturali e ambientali$gArciconfraternita del Santissimo Rosario di Nocera Inferiore 205 $aMilano : Franco Maria Ricci$b1990 210 $a135 p.$cprincip. ill. ; 30 cm 215 $aMostra tenutasi a Pagani, Casa di Sant'Alfonso de Liguori e Nocera Inferiore, Convento di Sant'Anna e Cattedrale di San Prisco, 17 novembre-31 dicembre 1990. 606 $aSOLIMENA ANGELO$3UONC049016$2FI 606 $aSolimena Francesco$3UONC049017$2FI 620 $aIT$dMilano$3UONL000005 676 $a759.04$cPittura, 1600-1799.$v21 712 02$aArciconfraternita del Santissimo Rosario di Nocera Inferiore$3UONV137716 712 02$aProvincia di Salerno, Assessorato ai Beni culturali e ambientali$3UONV137715 712 02$aSoprintendenza per i Beni ambientali, architettonici, artistici e storici di Salerno e Avellino$3UONV137714 712 $aFranco M. Ricci$3UONV251606$4650 801 $aIT$bSOL$c20250516$gRICA 899 $aSIBA - SISTEMA BIBLIOTECARIO DI ATENEO$2UONSI 912 $aUON00227354 950 $aSIBA - SISTEMA BIBLIOTECARIO DI ATENEO$dSI AUT. 214 $eSI FP 6201 7 996 $aAngelo e Francesco Solimena$91271408 997 $aUNIOR LEADER 01219nam0 22003373i 450 001 MIL0576901 005 20251003044235.0 010 $a0130340618$bPH 010 $a0881733474$bFP 100 $a20090408d2001 ||||0itac50 ba 101 | $aeng 102 $aus 181 1$6z01$ai $bxxxe 182 1$6z01$an 200 1 $aHandbook of energy engineering$fAlbert Thumann, D. Paul Mehta 205 $a5. ed 210 $aLilburn (GA)$cFairmont press$dİ2001 215 $a479 p.$cill.$d24 cm. 606 $aEnergia$2FIR$3CFIC009742$9E 676 $a621.042$9FISICA APPLICATA. INGEGNERIA DELL'ENERGIA$v14 676 $a621.042$9FISICA APPLICATA. Ingegneria dell'energia$v22 700 1$aThumann$b, Albert$3RMSV003200$4070$0283451 701 1$aMehta$b, D. Paul$f <1940- >$3MILV276045$4070$0770623 801 3$aIT$bIT-000000$c20090408 850 $aIT-BN0095 901 $bNAP 01$cSALA DING $n$ 912 $aMIL0576901 950 0$aBiblioteca Centralizzata di Ateneo$b1 v.$c1 v.$d 01SALA DING 621.042 THU.ha$e 0102 0000057715 VMA A4 1 v.$fY $h20051012$i20051012 977 $a 01 996 $aHandbook of energy engineering$91572525 997 $aUNISANNIO